01855 2200541 4500001002100000005001500021035002000036007000300056008004100059020002200100040002200122082001400144084001600158090002200174100003200196245024400228250003200472250003000504300004300534500001100577650001700588650002500605700002800630700003500658700003300693700003200726700003500758700003000793700003200823700003900855850001200894504002500906264005000931264005000981336002101031337003001052338002301082999002201105990002201127990002001149990002001169990002001189990002201209990002001231990002001251990002201271990002001293INLIS00000000085683520220801023727 a0010-0221000153ta210219s2020 yoid g 1 0 ind d a978-602-386-846-9 aYOPDYOGbinderda04223a614.4 a614.4 RIR b aCB-D.11 2020-03760 aRiris Andono Ahmadepenulis10aBuku teks epidemiologi untuk kesehatan masyarakat /cRiris Andono Ahmad, Citra Indriani, Risalia Reni Arisanti, Amirah Ellyza Wahdi, Nuzul Sri Hertanti; penyunting, Riris Andono Ahmad, Hari Kusnanto, Mohammad Hakimi, Muhammad Bayu Sasongko aCetakan pertama, Maret 2020 aCetakan kedua, Maret 2021 axiv, 197 halaman :bilustrasi ;c23 cm aIndeks 4aEpidemiologi 4aKesehatan Masyarakat0 aCitra Indrianiepenulis0 aRisalia Reni Arisantiepenulis0 aAmirah Ellyza Wahdiepenulis0 aNuzul Sri Hertantiepenulis0 aRiris Andono Ahmadepenyunting0 aHari Kusnantoepenyunting0 aMohammad Hakimiepenyunting0 aMuhammad Bayu Sasongkoepenyunting aYOPDYOG aTermasuk bibliografi aSleman :bGadjah Mada University Press,c202031aSleman :bGadjah Mada University Press,c2021 2rdacontentateks 2rdamediaatanpa perantara 2rdacarrieravolume aCB-D.11/2020-0376 aCB-D.11/2020-0376 a44247-PD/B.2022 a44248-PD/B.2022 a44247-PD/B.2022 aCB-D.11/2020-0376 a44248-PD/B.2022 a44248-PD/B.2022 aCB-D.11/2020-0376 a44247-PD/B.2022